000 00910nam0a22002531 4500
001 rc\2591543
005 20250623123756.0
035 _a(NLR Aleph) 006755838
090 _a5792559
_c5792559
100 _a20110914d1929 |||y0rusy50 ca
101 0 _arus
102 _aRU
105 _aa z |||||
200 1 _aСочные корма в условиях Сибири
_e1. Корнеплоды. 2. Картофель. 3. Тыква
_fП. Я. Морозов
210 _aНовосибирск
_cСибкрайиздат
_d1929
_gтип. Сибкрайсоюза
215 _a40 с.
_cил., черт.
_d22х15 см.
225 1 _aБиблиотека Сибирского крестьянина
300 _aОбложка: А. З.
700 1 _aМорозов
_bП.Я.
_gПетр Яковлевич
801 0 _aRU
_bNLR
_gpsbo
801 1 _aRU
_bELAR
_2rusmarc
942 _cBOOK
980 _aNB